Titres des jeux #3 - Super Mario - Statistiques

Statistiques générales
  • Ce quiz a été pris 67 fois
  • Le résultat moyen est 13 sur 19
Statistiques - réponses
Consoles Titres des jeux % Correct
/ Super Mario Bros.
100%
/ Super Mario Bros. 2
87%
/ Super Mario Bros. 3
85%
/ Super Mario 64
83%
/ Super Mario Odyssey
81%
/ Super Mario Galaxy
79%
/ Super Mario Sunshine
77%
/ New Super Mario Bros.
75%
/ Super Mario Galaxy 2
71%
/ Super Mario World
69%
/ Super Mario 3D World
63%
/ Super Mario Land
62%
/ New Super Mario Bros. 2
58%
/ New Super Mario Bros. Wii
56%
/ Super Mario 3D Land
56%
/ New Super Mario Bros. U
52%
/ Super Mario Wonder
44%
/ Super Mario Land 2 : 6 Golden Coins
35%
/ Bowser's Fury
31%
Aucun quiz correspondant
Distribution des résultats
% des personnes avec chaque résultat
Percentile par nombre de réponses
Votre historique - résultats
Vous n’avez pas pris ce quiz